Μεθοδολογία των κοινωνικών επιστημών

Αποθηκεύτηκε σε:
Λεπτομέρειες βιβλιογραφικής εγγραφής
Κύριος συγγραφέας: Γέμτος, Πέτρος Α., 1939-
Μορφή: Βιβλίο
Γλώσσα:Greek
Δημοσίευση: Αθήνα : Παπαζήσης, 2004.
Έκδοση:4η έκδ., βελτ. και διευρυμένη.
Θέματα:
Ετικέτες: Προσθήκη ετικέτας
Δεν υπάρχουν, Καταχωρήστε ετικέτα πρώτοι!

MARC

LEADER 00000cam a2200000 i 4500
001 1/22146
008 060118s2004 gr | ||| |||| ||gre||
020 |a 9600217726   |q (set) 
020 |a 9600217718   |q (τ. 1) 
020 |a 9600217734   |q (τ. 2) 
035 |l 10082065 
040 |a GR-MyUa  |b gre  |e AACR2 
041 0 |a gre 
082 7 |a 300.72   |2 (22) 
100 1 |a Γέμτος, Πέτρος Α.,   |d 1939- 
245 1 0 |a Μεθοδολογία των κοινωνικών επιστημών /   |c Πέτρου Α. Γέμτου. 
250 |a 4η έκδ., βελτ. και διευρυμένη. 
260 |a Αθήνα :   |b Παπαζήσης,   |c 2004. 
300 |a 2 τ. ;   |c 21 εκ. 
504 |a Περιλαμβάνει βιβλιογραφικές αναφορές και ευρετήρια.  
650 0 |a Social sciences  |x Methodology. 
650 0 |a Sociology  |x Methodology. 
852 |a INST  |b CHIOS  |e 20131127  |h 300.1 ΓΕΜ  |p 005200037065  |q 005200037065  |t BK  |y 0  |z τ.2 
852 |a INST  |b CHIOS  |e 20131125  |h 300.1 ΓΕΜ  |p 005200037101  |q 005200037101  |t BK  |y 0  |z τ.1 
852 |a INST  |b CHIOS  |e 20131127  |h 300.1 ΓΕΜ  |p 005200037065  |q 005200037065  |t BK  |v τ.2:  |y 0  |z τ.2 
852 |a INST  |b CHIOS  |e 20131125  |h 300.1 ΓΕΜ  |p 005200037101  |q 005200037101  |t BK  |v τ.1:  |y 0  |z τ.1 
852 |a INST  |b LESVOS  |e 20060118  |h 300.1 ΓΕΜ  |p 005100033962  |q 005100033962  |t BK  |y 4  |x 20060918  |z τ.1 
852 |a INST  |b LESVOS  |e 20060118  |h 300.1 ΓΕΜ  |p 005100033963  |q 005100033963  |t BK  |y 0  |z τ.2 
852 |a INST  |b LESVOS  |e 20120313  |h 300.1 ΓΕΜ  |p 005100050658  |q 005100050658  |t BK  |y 0  |z τ.1 
852 |a INST  |b LESVOS  |e 20060118  |h 300.1 ΓΕΜ  |p 005100033962  |q 005100033962  |t BK  |v τ.1:  |y 4  |x 20060918  |z τ.1 
852 |a INST  |b LESVOS  |e 20060118  |h 300.1 ΓΕΜ  |p 005100033963  |q 005100033963  |t BK  |v τ.2:  |y 0  |z τ.2 
852 |a INST  |b LESVOS  |e 20120313  |h 300.1 ΓΕΜ  |p 005100050658  |q 005100050658  |t BK  |v τ.1:  |y 0  |z τ.1 
852 |a INST  |b LESVOS  |c EUDOXUS  |e 20131213  |h 300.1 ΓΕΜ  |p 005100052805  |q 005100052805  |t EDX  |y 0  |z τ.1 
852 |a INST  |b LESVOS  |c EUDOXUS  |e 20131213  |h 300.1 ΓΕΜ  |p 005100052806  |q 005100052806  |t EDX  |y 0  |z τ.2 
852 |a INST  |b LESVOS  |c EUDOXUS  |e 20131213  |h 300.1 ΓΕΜ  |p 005100052807  |q 005100052807  |t EDX  |y 0  |z τ.2 
852 |a INST  |b LESVOS  |c EUDOXUS  |e 20131213  |h 300.1 ΓΕΜ  |p 005100052805  |q 005100052805  |t EDX  |v τ.1:  |y 0  |z τ.1 
852 |a INST  |b LESVOS  |c EUDOXUS  |e 20131213  |h 300.1 ΓΕΜ  |p 005100052806  |q 005100052806  |t EDX  |v τ.2:  |y 0  |z τ.2 
852 |a INST  |b LESVOS  |c EUDOXUS  |e 20131213  |h 300.1 ΓΕΜ  |p 005100052807  |q 005100052807  |t EDX  |v τ.2:  |y 0  |z τ.2 
852 |a INST  |b RHODES  |e 20131213  |h 300.1 ΓΕΜ  |p 005400035892  |q 005400035892  |t BK  |y 0  |z τ.1 
852 |a INST  |b RHODES  |e 20131213  |h 300.1 ΓΕΜ  |p 005400035893  |q 005400035893  |t BK  |y 0  |z τ.2 
852 |a INST  |b RHODES  |e 20131213  |h 300.1 ΓΕΜ  |p 005400035892  |q 005400035892  |t BK  |v τ.1:  |y 0  |z τ.1 
852 |a INST  |b RHODES  |e 20131213  |h 300.1 ΓΕΜ  |p 005400035893  |q 005400035893  |t BK  |v τ.2:  |y 0  |z τ.2 
852 |a INST  |b SAMOS  |e 20111206  |h 300.1 ΓΕΜ  |p 005300034193  |q 005300034193  |t BK  |y 23  |z τ.2 
852 |a INST  |b SAMOS  |e 20111206  |h 300.1 ΓΕΜ  |p 005300034194  |q 005300034194  |t BK  |y 0  |z τ.2 
852 |a INST  |b SAMOS  |e 20111206  |h 300.1 ΓΕΜ  |p 005300034195  |q 005300034195  |t BK  |y 0  |z τ.2 
852 |a INST  |b SAMOS  |e 20111206  |h 300.1 ΓΕΜ  |p 005300034196  |q 005300034196  |t BK  |y 0  |z τ.2 
852 |a INST  |b SAMOS  |e 20111206  |h 300.1 ΓΕΜ  |p 005300034197  |q 005300034197  |t BK  |y 0  |z τ.2 
852 |a INST  |b SAMOS  |e 20111206  |h 300.1 ΓΕΜ  |p 005300034193  |q 005300034193  |t BK  |v τ.2:  |y 23  |z τ.2 
852 |a INST  |b SAMOS  |e 20111206  |h 300.1 ΓΕΜ  |p 005300034194  |q 005300034194  |t BK  |v τ.2:  |y 0  |z τ.2 
852 |a INST  |b SAMOS  |e 20111206  |h 300.1 ΓΕΜ  |p 005300034195  |q 005300034195  |t BK  |v τ.2:  |y 0  |z τ.2 
852 |a INST  |b SAMOS  |e 20111206  |h 300.1 ΓΕΜ  |p 005300034196  |q 005300034196  |t BK  |v τ.2:  |y 0  |z τ.2 
852 |a INST  |b SAMOS  |e 20111206  |h 300.1 ΓΕΜ  |p 005300034197  |q 005300034197  |t BK  |v τ.2:  |y 0  |z τ.2 
852 |a INST  |b SYROS  |e 20131205  |h 300.72 ΓΕΜ  |p 005500011161  |q 005500011161  |t BK  |y 0  |z τ.2 
852 |a INST  |b SYROS  |e 20131205  |h 300.72 ΓΕΜ  |p 005500011162  |q 005500011162  |t BK  |y 0  |z τ.1 
852 |a INST  |b SYROS  |e 20131205  |h 300.72 ΓΕΜ  |p 005500011161  |q 005500011161  |t BK  |v τ.2:  |y 0  |z τ.2 
852 |a INST  |b SYROS  |e 20131205  |h 300.72 ΓΕΜ  |p 005500011162  |q 005500011162  |t BK  |v τ.1:  |y 0  |z τ.1 
853 |a INST  |b CHIOS  |h 300.1 ΓΕΜ 
853 |a INST  |b LESVOS  |h 300.1 ΓΕΜ 
853 |a INST  |b LESVOS  |c EUDOXUS  |h 300.1 ΓΕΜ 
853 |a INST  |b RHODES  |h 300.1 ΓΕΜ 
853 |a INST  |b SAMOS  |h 300.1 ΓΕΜ 
853 |a INST  |b SYROS  |h 300.72 ΓΕΜ 
901 |a BIBL5-2013-1 
901 |a BIBL3-2011-3 
901 |a BIBL1-2006-1 
901 |a BIBL1-2012-1 
901 |a BIBL2-2013-3 
901 |a BIBL4-2013-3 
901 |a BIBL1-2013-3 
920 |a ΕΥΔΟΞΟΣ  |b ΠΑΡΑΓΓΕΛΙΑ  |y Λέσβος-ΤΚ  |z 2013-04 
970 |a ΚΑΡΑ  |b ΓΙΑΣΕΜΗ  |z 2006/01/18